000 00672cam a2200181 i 4500
005 20251117113951.0
008 250721s1999 xx gr 000 0 ara d
082 1 4 _a210.413343
_bق ض ا
100 1 _aالقضاه، علي عبد الله إبراهيم
_eمؤلف.
245 1 0 _aآيات الرحمن في علاج السحر والعين ومس الجان /
_cالشيخ علي عبدالله ابراهيم القضاة.
250 _aالطبعة الأولى.
264 3 1 _aعمان :
_b[غير معرف]،
_c1999.
300 _a121 صفحة.
650 1 7 _aالقرآن الكريم.
650 1 7 _aالسحر.
942 _2ddc
_cBK
999 _c40812
_d40812